Consultas frecuentes (Registro nro. 3792)
[ vista simple ]
| 000 -LEADER | |
|---|---|
| fixed length control field | 00977 a2200241 4500 |
| 001 - CONTROL NUMBER | |
| control field | 44451 |
| 005 - DATE AND TIME OF LATEST TRANSACTION | |
| control field | 20260407155721.0 |
| 008 - FIXED-LENGTH DATA ELEMENTS--GENERAL INFORMATION | |
| fixed length control field | 260407a2017 arg spa d |
| 003 - CONTROL NUMBER IDENTIFIER | |
| control field | AR-UNSa-BCEJYS |
| 040 ## - CATALOGING SOURCE | |
| Original cataloging agency | AR-UNSa-BCEJYS |
| Language of cataloging | spa |
| Transcribing agency | AR-UNSa-BCEJYS |
| 080 ## - UNIVERSAL DECIMAL CLASSIFICATION NUMBER | |
| Universal Decimal Classification number | 657-051 |
| Common auxiliary subdivision | Profesional en Ciencias Económicas (Contador...) |
| 020 ## - INTERNATIONAL STANDARD BOOK NUMBER | |
| International Standard Book Number | 978-987-01-2041-4 |
| 041 ## - LANGUAGE CODE | |
| Language code of text/sound track or separate title | spa |
| 100 1# - MAIN ENTRY--PERSONAL NAME | |
| Personal name | Cerchiara, Claudia M. |
| 245 10 - TITLE STATEMENT | |
| Title | Consultas frecuentes |
| Name of part/section of a work | orientación profesional |
| 250 ## - EDITION STATEMENT | |
| Edition statement | 10a. ed. |
| 264 #1 - PRODUCTION, PUBLICATION, DISTRIBUTION, MANUFACTURE, AND COPYRIGHT NOTICE | |
| Place of production, publication, distribution, manufacture | Buenos Aires : |
| Name of producer, publisher, distributor, manufacturer | Errepar |
| Date of production, publication, distribution, manufacture, or copyright notice | 2017 |
| 300 ## - PHYSICAL DESCRIPTION | |
| Extent | xxxiii, 503 p. |
| Dimensions | 27 cm. |
| 505 ## - FORMATTED CONTENTS NOTE | |
| Formatted contents note | 1. Impuestos - 2. Trabajo y previsión social - 3. Recursos de la seguridad social - 4. Regímenes laborales - 5. Sociedades & concursos - 6. Contabilidad y auditoría - 7. Consultas de períodos no prescriptos |
| 590 ## - LOCAL NOTE (RLIN) | |
| Local note | niveau_biblio:m niveau_hierar:0 |
| 856 41 - ELECTRONIC LOCATION AND ACCESS | |
| Uniform Resource Identifier | <a href="https://www.biblioeco.unsa.edu.ar/pmb/images/libros/L126885.jpg">https://www.biblioeco.unsa.edu.ar/pmb/images/libros/L126885.jpg</a> |
| Link text | Imagen de portada |
| Electronic format type | image/jpeg |
| 942 ## - ADDED ENTRY ELEMENTS (KOHA) | |
| Koha item type | |
| Withdrawn status | Lost status | Damaged status | Not for loan | Home library | Current library | Shelving location | Date acquired | Total checkouts | Full call number | Barcode | Date last seen | Price effective from | Koha item type |
|---|---|---|---|---|---|---|---|---|---|---|---|---|---|
| Biblioteca Prof. Eusebio Cleto del Rey | Biblioteca Prof. Eusebio Cleto del Rey | 07/04/2026 | 657-051 C412 10ed. | L126885 | 07/04/2026 | 07/04/2026 | Libro |